000 00761nam a2200229 a 4500
999 _c2080
_d2080
001 2080
003 BD-JhCC
005 20171031153554.0
008 171029s2005 bg a|||| |||| 000 0 ben d
020 _a9847030553
035 _a(BD-JhCC)2080
040 _aBD-JhCC
_dBD-JhCC
041 _aben
082 _a891.4435
_bHEN 2005
100 _aহেনা, জুবাইদা গুলশান আরা
245 _aগল্পে গল্পে যায় বেলা /
_cজুবাইদা গুলশান আরা হেনা
260 _aঢাকা :
_bপিপিএমসি,
_c২০০৫.
300 _a৪৮ পৃ. :
_bill. ;
_c২৩ সেমি.
650 _aJuvenier short stories
942 _2ddc
_cBK